<The> RAND Journal of Economics

Gespeichert in:
Bibliographische Detailangaben
Format: Schriftenreihe
Sprache:Englisch
Veröffentlicht: Santa Monica Rand Corporation 1988
Schlagworte:
Tags: Tag hinzufügen
Keine Tags, Fügen Sie das erste Tag hinzu!

MARC

LEADER 00000nas2a2200000 4500
001 s016590
005 20041019155331.6
022 |a 0741-6261 
041 0 |a eng 
044 |a US 
245 1 0 |a <The> RAND Journal of Economics 
264 1 |a Santa Monica  |b Rand Corporation  |c 1988 
300 |a 1 zv. 
773 0 |w eu_un_cat*s120264 
610 2 0 |a ekonómia